[Event "Antioquia op"]
[Site "Antioquia"]
[Date "2020.03.06"]
[Round "6"]
[White "Betancur Catano, Sebastian Camilo"]
[Black "Caicedo Gomez, Javier Dario"]
[Result "0-1"]
[WhiteElo "1216"]
[BlackElo "1078"]
[PlyCount "38"]
[EventDate "2020.03.03"]
[EventType "swiss"]
[EventRounds "9"]
[EventCountry "COL"]
[SourceTitle "CBM 195 Extra"]
[Source "ChessBase"]
[SourceDate "2020.05.31"]
[SourceVersion "1"]
[SourceVersionDate "2020.05.31"]
[SourceQuality "1"]

1. e4 d5 2. exd5 Qxd5 3. Nc3 Qa5 4. d4 c6 5. Bf4 Nf6 6. h3 Bf5 7. g4 Bg6 8. Bg2 e6 9. Nge2 Be7 10. 0-0 0-0 11. Ng3 Nd5 12. Nxd5 cxd5 13. c3 Nd7 14. Re1 Qb6 15. Qd2 Bd6 16. Bxd6 Qxd6 17. Bf1 e5 18. dxe5 Nxe5 19. Rad1 Nf3+ 0-1

[Event "Antioquia op"]
[Site "Antioquia"]
[Date "2020.03.03"]
[Round "1"]
[White "Perez Arroyave, Damian"]
[Black "Betancur Catano, Sebastian Camilo"]
[Result "1-0"]
[WhiteElo "1860"]
[BlackElo "1216"]
[PlyCount "26"]
[EventDate "2020.03.03"]
[EventType "swiss"]
[EventRounds "9"]
[EventCountry "COL"]
[SourceTitle "CBM 195 Extra"]
[Source "ChessBase"]
[SourceDate "2020.05.31"]
[SourceVersion "1"]
[SourceVersionDate "2020.05.31"]
[SourceQuality "1"]

1. e4 e5 2. Nf3 Nc6 3. d4 exd4 4. Bc4 Be7 5. c3 dxc3 6. Qd5 Nh6 7. Bxh6 0-0 8. Bc1 Nb4 9. Qd1 c2 10. Qd2 cxb1Q 11. Rxb1 d6 12. 0-0 Be6 13. Bxe6 fxe6 1-0

[Event "Medellin Aristizabal Cup"]
[Site "Medellin"]
[Date "2020.01.31"]
[Round "3"]
[White "Mejia, Santiago"]
[Black "Betancur Catano, Sebastian Camilo"]
[Result "0-1"]
[WhiteElo "1595"]
[BlackElo "1229"]
[PlyCount "49"]
[EventDate "2020.01.29"]
[EventType "swiss"]
[EventRounds "7"]
[EventCountry "COL"]
[SourceTitle "CBM 194 Extra"]
[Source "ChessBase"]
[SourceDate "2020.03.31"]
[SourceVersion "1"]
[SourceVersionDate "2020.03.31"]
[SourceQuality "1"]

1. e4 e5 2. Nf3 Nc6 3. Bc4 Bc5 4. b4 Bxb4 5. c3 Ba5 6. 0-0 Nf6 7. d3 0-0 8. Qb3 d6 9. Bg5 Bb6 10. Bd5 Na5 11. Qc2 c6 12. Bb3 Be6 13. Bxe6 fxe6 14. d4 exd4 15. cxd4 Qc7 16. Na3 e5 17. Rad1 exd4 18. Nxd4 Rae8 19. Rfe1 Bc5 20. Nc4 Nxc4 21. Qxc4+ Qf7 22. Qd3 Qxa2 23. Nf5 Bxf2+ 24. Kh1 Bxe1 25. Rxe1 0-1

[Event "Medellin Aristizabal Cup"]
[Site "Medellin"]
[Date "2019.06.22"]
[Round "3"]
[White "Benjumea, David"]
[Black "Betancur Catano, Sebastian Camilo"]
[Result "1-0"]
[WhiteElo "1763"]
[BlackElo "1290"]
[PlyCount "39"]
[EventDate "2019.06.21"]
[EventType "swiss"]
[EventRounds "7"]
[EventCountry "COL"]
[SourceTitle "EXT 2020"]
[Source "ChessBase"]
[SourceDate "2019.10.17"]
[SourceVersion "1"]
[SourceVersionDate "2019.10.17"]
[SourceQuality "1"]

1. e4 g6 2. d4 Bg7 3. Nc3 d6 4. Be3 a6 5. f3 b5 6. Qd2 Bb7 7. h4 h5 8. Nh3 Nd7 9. Ng5 c5 10. a4 b4 11. Ne2 a5 12. 0-0-0 c4 13. Nf4 e5 14. Bxc4 exf4 15. Bxf7+ Ke7 16. Bxf4 Qc8 17. Bb3 Nh6 18. Ne6 Bf8 19. Bg5+ Kf7 20. Nxf8+ 1-0

[Event "Medellin IRT de Segunda Antioquia"]
[Site "Medellin"]
[Date "2019.05.24"]
[Round "3"]
[White "Betancur Catano, Sebastian Camilo"]
[Black "Ortega Lopez, Mateo"]
[Result "0-1"]
[WhiteElo "1515"]
[BlackElo "1125"]
[PlyCount "31"]
[EventDate "2019.05.22"]
[EventType "swiss"]
[EventRounds "7"]
[EventCountry "COL"]
[SourceTitle "EXT 2024"]
[Source "ChessBase"]
[SourceDate "2023.10.10"]
[SourceVersion "1"]
[SourceVersionDate "2023.10.10"]
[SourceQuality "1"]

1. e4 e6 2. d4 d5 3. Nd2 Nf6 4. e5 Nfd7 5. Bd3 c5 6. c3 Nc6 7. Ne2 cxd4 8. cxd4 f6 9. exf6 Nxf6 10. Nf3 Bd6 11. 0-0 0-0 12. Re1 e5 13. dxe5 Nxe5 14. Nxe5 Bxe5 15. Qb3 Bg4 16. f3 0-1

[Event "Medellin IRT de Segunda Antioquia"]
[Site "Medellin"]
[Date "2019.05.23"]
[Round "2.18"]
[White "Escobar Leon, Ramiro"]
[Black "Betancur Catano, Sebastian Camilo"]
[Result "1-0"]
[WhiteElo "1548"]
[BlackElo "1515"]
[PlyCount "77"]
[EventDate "2019.05.22"]
[EventType "swiss"]
[EventRounds "7"]
[EventCountry "COL"]
[SourceTitle "EXT 2024"]
[Source "ChessBase"]
[SourceDate "2023.10.10"]
[SourceVersion "1"]
[SourceVersionDate "2023.10.10"]
[SourceQuality "1"]

1. e4 d5 2. exd5 Qxd5 3. Nc3 Qd6 4. d4 Nf6 5. Nf3 Bg4 6. Be2 e6 7. 0-0 c6 8. h3 Bxf3 9. Bxf3 Nbd7 10. Re1 Nb6 11. Ne4 Nxe4 12. Bxe4 0-0-0 13. c3 c5 14. Qf3 Qd7 15. Be3 c4 16. a4 f5 17. Bc2 Bd6 18. a5 Nd5 19. Qe2 Qc7 20. Bg5 Rde8 21. Ba4 Bf4 22. Bxe8 Rxe8 23. Bxf4 Nxf4 24. Qe5 Qxe5 25. Rxe5 Nd3 26. Re2 Kd7 27. Rd1 Nf4 28. Re3 Kd6 29. Kh2 Nd3 30. Rd2 a6 31. b3 Nc1 32. bxc4 Nb3 33. c5+ Kd7 34. Ra2 Kc6 35. Ra3 Nd2 36. Re2 Nc4 37. Ra1 g6 38. f4 Kd5 39. g4 1-0